| 000 | 00898nam a22002177a 4500 | ||
|---|---|---|---|
| 005 | 20210325205926.0 | ||
| 008 | s2554 th ||||| |||| 00| 0 tha d | ||
| 020 | _a9786165093125 | ||
| 050 | _aLB2339 ส786ค 2554 | ||
| 100 | 0 | _aสุธีรัตน์ อินจิโน | |
| 245 | 1 | 0 | _aเคล็ดลับชิงทุนไปเรียนเมืองนอกขั้นเทพ |
| 260 | 3 |
_aกรุงเทพฯ : _bแฮปปี้บุ๊ค, _c2554 |
|
| 300 |
_a160 หน้า ; _b 21 ซม. |
||
| 650 | 0 | 4 | _aทุนการศึกษา |
| 650 | 0 | 4 | _aการศึกษาในต่างประเทศ |
| 850 | _aNALT | ||
| 942 | _cGB | ||
| 997 | _a39808 ฉ.1 /39809 ฉ.2 | ||
| 997 | _c000000000064801 | ||
| 998 | _aนางสุกัญญา กัลยา | ||
| 999 |
_c64801 _d64801 |
||